|
|
|
|
| LEADER |
00000cam a2200000 7i4500 |
| 001 |
0000000470 |
| 005 |
20000822.0 |
| 090 |
0 |
0 |
|a 631
|b INT 1984
|
| 245 |
0 |
0 |
|a INTEGRATING agriculture and forestry :
|b Proceedings of a workshop held at Bunbury, W.A., September 26-30, 1977
|c edited by K.M.W. Howes and R.A. Rummery
|
| 260 |
0 |
0 |
|a Dehra Dun, India :
|b Natraj Publishers ,
|c 1984
|
| 300 |
|
|
|a 238 p. :
|b ill. ;
|c 28 cm.
|
| 500 |
0 |
0 |
|a Includes bibliographical references
|
| 650 |
0 |
0 |
|a Agriculture
|x Congresses
|
| 650 |
0 |
0 |
|a Agriculture
|z Australia
|x Congresses
|
| 650 |
0 |
0 |
|a Agroforestry
|x Congresses
|
| 650 |
0 |
0 |
|a Agroforestry
|z Australia
|x Congresses
|
| 650 |
0 |
0 |
|a Forests and forestry
|x Congresses
|
| 650 |
0 |
0 |
|a Forests and forestry
|z Australia
|x Congresses
|
| 700 |
0 |
1 |
|a Howes
|h K. M. W. (Keith Malcolm William) ,
|c 1944-
|
| 700 |
0 |
1 |
|a Rummery
|h R. A. (Robert Anthony), 1940-
|
| 999 |
|
|
|a 0000001641
|b Monograph
|c Open Shelf
|e Default branch
|